Statistics for Atletico Madrid's Ideal Starting 11

Click here to take the quiz!

General Stats

  • This quiz has been taken 134 times
  • The average score is 9 of 11

Answer Stats

PositionPlayer% Correct
GKOblak
99%
LWKoke
91%
STGriezmann
90%
CBGodin
88%
RBJuanfran
79%
STTorres
79%
CMGabi
75%
CBGimenez
74%
CMSaul
74%
LBLuis
65%
RWCarrasco
55%

Score Distribution

Percentile by Number Answered

Percent of People with Each Score

Your Score History

You have not taken this quiz